000 00636cam5a220018100 4500
001 qce00043277
005 20190830122542.0
008 770907s1956 nyu b 000 0 eng
035 _a(Sirsi) r116008
050 0 _aLC5215 FUN 1956
110 2 _aFund for Adult Education (U.S.)
_6A81094.1
110 1 0 _aLiberal adult education.
260 _aWhite Plains, N.Y.,
_c[1956]
500 _aCover title.
500 _a"Five speeches ... selected from the proceedings of the [Community Leadership] Institute [held at Estes Park, Colo., July 15-20, 1956]"
504 _aBibliographical footnotes.
650 0 _aAdult education.
_6S3683.1
999 _c198470
_d198470